| 000 | 00412nam a2200169Ia 4500 | ||
|---|---|---|---|
| 008 | 221030s9999 xx 000 0 und d | ||
| 020 | _a8177581236 | ||
| 041 | _aEnglish | ||
| 082 | _a105.23 | ||
| 100 | _aI. H. Shames | ||
| 245 | 0 | _aengineering Mechanics Statics & Dynamics | |
| 260 |
_bPearson Edcuation _aNew Delhi _c2008 |
||
| 300 | _a840 | ||
| 650 | _aMechanical | ||
| 700 | _aG. K. M. Rao | ||
| 942 | _cBK | ||
| 999 |
_c5852 _d5852 |
||